000
00191 a2200097 4500
020
_a
9780516588155
041
_a
spa
100
_a
June Behrens
245
_a
Fiesta cinco de mayo
942
_c
BK
999
_c
30403
_d
30401